MARC

LEADER 00000nam0a2200000 4500
001 326842
005 20231102003912.0
035 |a (RuTPU)RU\TPU\book\352502 
090 |a 326842 
100 |a 20170118d1969 k y0rusy50 ca 
101 0 |a rus 
102 |a RU 
105 |a a z 001zy 
200 1 |a Вычислительная техника для управления производством  |e [сборник статей]  |f под ред. В. В. Солодовникова 
210 |a Москва  |c Машиностроение  |d 1969 
215 |a 464 с.  |c ил. 
320 |a Библиогр. в конце ст. 
606 1 |a Автоматизированные системы планирования и управления  |2 stltpush  |3 (RuTPU)RU\TPU\subj\615  |9 29488 
610 1 |a вычислительная техника 
610 1 |a управление производством 
610 1 |a отрасли промышленности 
610 1 |a технологические процессы 
610 1 |a вычислительные системы 
610 1 |a вычислительные машины 
610 1 |a автоматизированные системы управления 
610 1 |a ЭВМ 
610 1 |a информационные системы 
610 1 |a информатика 
610 1 |a статьи 
675 |a 658.012.011.56  |v 4 
702 1 |a Солодовников  |b В. В.  |4 340 
801 1 |a RU  |b 63413507  |c 20170118 
801 2 |a RU  |b 63413507  |c 20170119  |g RCR 
942 |c BK